|
|
|
|
| LEADER |
00856nab a2200217 i 4500 |
| 001 |
misc55688 |
| 005 |
20230220121349.0 |
| 008 |
200505s1998 hu o 0|| eng d |
| 020 |
|
|
|a 3447038640
|
| 040 |
|
|
|a SZTE Miscellanea Repozitórium
|b hun
|
| 041 |
|
|
|a eng
|
| 100 |
1 |
|
|a Agyagási Klára
|
| 245 |
1 |
3 |
|a On the characteristics of Cheremiss linguistic interference on Chuvash
|h [elektronikus dokumentum] /
|c Agyagási Klára
|
| 260 |
|
|
|a Harrassowitz
|b Wiesbaden
|c 1998
|
| 300 |
|
|
|a 667-682
|c 24 cm
|
| 490 |
0 |
|
|a The Mainz meeting : proceedings of the Seventh International Conference on Turkish Linguistics, August 3-6, 1994
|
| 561 |
|
|
|a Németh Gyula hagyaték
|
| 650 |
|
4 |
|a Bölcsészettudományok
|
| 650 |
|
4 |
|a Nyelvek és irodalom
|
| 695 |
|
|
|a Csuvas nyelv, Cseremisz nyelv
|
| 856 |
4 |
0 |
|u http://misc.bibl.u-szeged.hu/55688/1/049_oa_a28.pdf
|z Dokumentum-elérés
|